000 00610nas a2200229Ia 4500
001 A10/R128-42643
003 IT-MiCISF
005 20260410102809.0
008 161014c99999999xx |||||||||||| ||und||
040 _aIT-MiCISF
_cIT-MiCISF
041 _ait
100 _aCensis
_961081
245 0 _aIl ritorno della coabitazione
250 _a"Censis. Note e commenti", n. 1-2, gennaio-febbraio
260 _c2006
300 _app. 50-58
500 _afamiglia, abitazione, famiglia-estesa, famiglia-monogenitoriale
650 _aFamiglia
654 _aarticolo
942 _cCR
_2ddc
999 _c228759
_d228759
999 _bSi